| 000 | 00964nam a2200241Ia 4500 | ||
|---|---|---|---|
| 003 | OSt | ||
| 005 | 20260413150508.0 | ||
| 008 | 220922b |||||||| |||| 00| 0 san d | ||
| 020 | _a9788170847661 (pbk) | ||
| 037 | _cTB | ||
| 040 |
_aARTS _cARTS _bsan |
||
| 041 |
_2san _asan |
||
| 084 |
_aO15,3D69,1:g 152 R2 _qAL |
||
| 100 |
_aडिंडोरिया, वेद प्रकाश, संपा. _9159955 |
||
| 245 | 0 | _aवासवदत्ता | |
| 246 | _aVāsavadattā | ||
| 260 |
_aदिल्ली _b चौखम्बा संस्कृत प्रतिष्ठान _c2018 |
||
| 300 |
_a329पृ0 _ccm. |
||
| 650 | _a संस्कृत साहित्य | ||
| 650 |
_aसंस्कृत कहानी _9156350 |
||
| 942 |
_hO15,3D69,1:g 152R2 _cTB _2CC |
||
| 999 |
_c297280 _d297280 |
||